000 00639nam a2200229 a 4500
001 BRCA_5410
005 20190320205050.0
008 101210s1942----au-a######---#000-0#ger-#
041 _ager
044 _aau
050 4 _aND653
_b.B35 1942
100 1 _aBaldass Von, Ludwig
_913823
245 1 0 _aHans Memling
_cvon Ludwig Von Baldass.
260 _aViena, Austria
_bAnton Schroll
_c1942
300 _a50 p.
_bil.,(algunas a color) 125 láminas
_c25 cm.
440 0 _aSammlung Schroll
_913824
500 _aE132
600 1 4 _aMemling, Hans
_d1433-1494
_913825
650 1 4 _aPintores holandeses
_913826
902 _aGFM
942 _2lcc
_cB
999 _c5104
_d5104